[Event "1er Open International d'Aix-les-Bains"]
[Site "Aix-les-Bains (73)"]
[Date "2014.08.10"]
[Round "6.8"]
[White "Lamb, Harry"]
[Black "Giacometto, Mario"]
[Result "1/2-1/2"]
[WhiteElo "1987"]
[BlackElo "1953"]
[PlyCount "103"]
[EventDate "2014.??.??"]

1. Nf3 d5 2. g3 Nf6 3. Bg2 e6 4. O-O Be7 5. b3 O-O 6. Bb2 Nbd7 7. c4 c6 8. Qc2
b6 9. d4 Bb7 10. Nbd2 Rc8 11. e4 dxe4 12. Nxe4 c5 13. Nxf6+ Nxf6 14. dxc5 Be4
15. Qc3 Rxc5 (15... Bxc5 $11) 16. Rad1 (16. Rfe1 Qa8 17. Ba3 Rc7 $11) 16... Qa8
17. Nh4 Bxg2 18. Nxg2 Rc7 19. Ne3 Rd8 20. Rxd8+ Qxd8 21. Rd1 Rd7 22. Rxd7 Qxd7
23. Qe5 Bd6 24. Qd4 Qc6 25. Ng4 Be7 26. Nxf6+ Bxf6 27. Qf4 Bd8 28. Qd4 Bf6 29.
Qf4 Bd8 30. Qg4 f6 31. Qf4 Bc7 32. Qd2 b5 33. cxb5 Qxb5 34. Qc2 Qd7 35. b4 Bb6
36. a3 Qd5 37. Bc1 Qf3 38. Qd2 (38. Qc8+ Kf7 39. Qd7+ Kf8 (39... Kg6 40. Qe8+
Kf5 41. Qb5+ Kg4 42. Qc4+ Kh5 43. Qc2) 40. Qd6+ $11) 38... Kf7 39. Qe1 e5 40.
Be3 Bxe3 41. fxe3 Ke6 42. a4 Kd5 43. Qd2+ Kc4 44. b5 Qd5 45. Qa2+ Kc5 46. Qa3+
Kb6 47. Qb4 a5 48. Qc3 Qf3 49. Qd3 Kc5 50. Qc3+ Kb6 51. Qb3 Qe4 52. Qe6+ {Une
partie d'un haut niveau, sans aucune faute décelable de part et d'autre.}
1/2-1/2

[Event "1er Open International d'Aix-les-Bains"]
[Site "Aix-les-Bains (73)"]
[Date "2014.08.10"]
[Round "6.9"]
[White "Carpentier, Pierre"]
[Black "Clair, Michael"]
[Result "1-0"]
[WhiteElo "2242"]
[BlackElo "1841"]
[PlyCount "83"]
[EventDate "2014.??.??"]

1. e4 c5 2. Nc3 Nc6 3. g3 g6 4. Bg2 Bg7 5. d3 Rb8 6. f4 b5 7. a3 a5 8. Nf3 b4
9. axb4 axb4 10. Ne2 Qb6 11. O-O d6 12. h3 h5 13. Rb1 Nh6 14. Be3 Nd4 15. Nexd4
cxd4 16. Bf2 e5 17. Nd2 Be6 18. c4 f6 19. Nf3 Bf7 20. Qa4+ Ke7 21. Ra1 Rb7 22.
Ra2 Rhb8 23. Qb3 Ng8 24. fxe5 dxe5 25. Rfa1 Kf8 26. Be1 Ne7 27. Ra6 Qc7 28. h4
Nc6 29. Bd2 Kg8 30. Bh3 Rb6 31. R6a4 Bf8 32. Ne1 Bc5 33. Kh2 Kh7 34. Nc2 Be7
35. Ra8 Rxa8 36. Rxa8 Rb8 37. Rxb8 Qxb8 38. Bd7 Qd6 39. Bxc6 Qxc6 40. Bxb4 Qe6
41. Bxe7 Qg4 42. Ne1 1-0

[Event "1er Open International d'Aix-les-Bains"]
[Site "Aix-les-Bains (73)"]
[Date "2014.08.10"]
[Round "6.10"]
[White "Chaudagne, Christophe"]
[Black "Vernet, Solene"]
[Result "1/2-1/2"]
[WhiteElo "2143"]
[BlackElo "1781"]
[PlyCount "64"]
[EventDate "2014.??.??"]

1. Nf3 Nf6 2. g3 c5 3. Bg2 g6 4. O-O Bg7 5. d4 cxd4 6. Nxd4 O-O 7. c4 Nc6 8.
Nc3 a6 9. Nc2 Qc7 10. Qd2 Rb8 11. e4 b5 12. Nd5 Nxd5 13. cxd5 Ne5 14. d6 exd6
15. Ne3 Nc4 16. Qc2 Qc5 17. Nd5 Bb7 18. Rb1 Bxd5 19. exd5 Nb6 20. Qd3 Rfc8 21.
Bf4 Be5 22. Rbc1 Qb4 23. Be3 Qxb2 24. Rxc8+ Nxc8 25. f4 Bg7 26. Qe4 Qf6 27.
Qe8+ Bf8 28. Qxd7 Qe7 29. Qxe7 Nxe7 30. Rc1 Rc8 31. Rxc8 Nxc8 32. Kf2 f5
1/2-1/2

[Event "1er Open International d'Aix-les-Bains"]
[Site "Aix-les-Bains (73)"]
[Date "2014.08.10"]
[Round "6.1"]
[White "Joie, Sebastien"]
[Black "Guidarelli, Laurent"]
[Result "1/2-1/2"]
[WhiteElo "2366"]
[BlackElo "2498"]
[PlyCount "59"]
[EventDate "2014.??.??"]

1. d4 c5 2. e3 Nf6 3. Nf3 cxd4 4. exd4 d5 5. Bd3 Bg4 6. c3 Qc7 ({Pertinent:} 
6... Bxf3 7. Qxf3 e6 8. O-O Nc6 9. Re1 Rb8 10. Bg5 Be7 11. Nd2 h6 12. Bf4 Bd6
13. Re3 Qc7 $11 {1-0 (31) Astasio Lopez,D (2385)-Razmyslov,A (2452) Burguillos
2012}) 7. Qa4+ Bd7 8. Qb3 Nc6 9. Bg5 $146 (9. O-O e6 10. Re1 h6 11. Nbd2 Bd6
12. Nf1 O-O 13. Bd2 Rab8 14. Qc2 Rfc8 15. Qc1 Kf8 16. Ng3 Ng8 17. Nh5 Nce7 18.
Ne5 Be8 19. Nf4 g5 20. Nh3 f6 21. f4 h5 22. Qd1 g4 23. Nf2 Qb6 24. Nfxg4 hxg4
25. Qxg4 f5 26. Qg5 Qxb2 27. Rad1 Rxc3 28. Bxc3 Qxc3 29. Nf3 Bf7 30. h4 Nc6 31.
Bxf5 Be7 {0-1 (31) Plotkin,V (2245)-Kacheishvili,G (2599) Philadelphia 2011})
9... e6 10. O-O Bd6 11. Re1 O-O 12. Qc2 h6 13. Bxf6 gxf6 14. g3 Rfc8 15. Qd2
Bf8 16. Na3 e5 17. Bf1 e4 18. Nh4 Bxa3 19. bxa3 Kg7 20. c4 Ne7 21. cxd5 Nxd5
22. Rxe4 Qc2 23. Qxc2 (23. Re2 Qxd2 24. Rxd2 Be6 25. Bg2) 23... Rxc2 24. Re2
Rc3 25. Bg2 Be6 2

[Event "1er Open International d'Aix-les-Bains"]
[Site "Aix-les-Bains (73)"]
[Date "2014.08.10"]
[Round "7.1"]
[White "Navrotescu, Andreea-Cristiana"]
[Black "Guidarelli, Laurent"]
[Result "1/2-1/2"]
[WhiteElo "2208"]
[BlackElo "2498"]
[PlyCount "64"]
[EventDate "2014.??.??"]

1. c4 f5 2. g3 e6 3. Bg2 d5 4. Nf3 c6 5. O-O Nf6 6. b3 a5 7. Bb2 a4 8. d3 Bc5
9. Nbd2 O-O 10. Rc1 Na6 11. bxa4 Be7 12. Nb3 Nd7 13. Bd4 Ba3 14. Rb1 Nac5 15.
Nxc5 Bxc5 16. cxd5 exd5 17. Bc3 f4 18. Nd4 Qe7 19. g4 Ne5 20. h3 h5 21. Nf3
Nxf3+ 22. exf3 d4 23. Re1 Qf7 24. Bb4 Bxb4 25. Rxb4 hxg4 26. fxg4 f3 27. Bh1
Be6 28. Bxf3 Bxa2 29. Qd2 Bb3 30. Bd1 Bxd1 31. Rxd1 c5 32. Rb5 Rxa4 {Nulle sur
proposition des noirs. Après 33.Txç5 la position est égale.} 1/2-1/2

[Event "1er Open International d'Aix-les-Bains"]
[Site "Aix-les-Bains (73)"]
[Date "2014.08.10"]
[Round "7.2"]
[White "Barbaras, Mathieu"]
[Black "Joie, Sebastien"]
[Result "1/2-1/2"]
[WhiteElo "2150"]
[BlackElo "2366"]
[PlyCount "99"]
[EventDate "2014.??.??"]

1. g3 d5 2. Bg2 Nf6 3. c4 e6 4. d4 dxc4 5. Nf3 a6 6. O-O Nc6 7. e3 Rb8 8. Nfd2
Qd7 9. Nxc4 b5 10. Ne5 Nxe5 11. dxe5 Qxd1 12. Rxd1 Nd7 13. f4 Bc5 14. Nc3 Bb7
15. Ne4 Be7 16. b3 Nc5 17. Nxc5 Bxc5 18. Bxb7 Rxb7 19. Bd2 b4 20. Rac1 Rb5 21.
Rc4 a5 22. Kf2 Bb6 23. Ke2 h5 24. e4 h4 25. g4 f6 26. exf6 gxf6 27. Be3 Rh7 28.
Rc6 Bxe3 29. Rxe6+ Re7 30. Rxe7+ Kxe7 31. Kxe3 Rc5 32. Rd2 Rc3+ 33. Kd4 Rf3 34.
f5 Rf4 35. Rg2 Kd6 36. Ke3 Ke5 37. g5 Rxe4+ 38. Kd3 Rd4+ 39. Ke3 Re4+ 40. Kd3
fxg5 41. Rxg5 Rd4+ 42. Ke3 Re4+ 43. Kd3 Rf4 44. Rh5 Rf3+ 45. Kc4 Rh3 46. Kb5
Rxh2 47. Kxa5 Rxa2+ 48. Kxb4 Rh2 49. Kc5 h3 50. Kc6 1/2-1/2

[Event "1er Open International d'Aix-les-Bains"]
[Site "Aix-les-Bains (73)"]
[Date "2014.08.10"]
[Round "7.3"]
[White "Barnier, Alain"]
[Black "Navrotescu, Catalin"]
[Result "0-1"]
[WhiteElo "2070"]
[BlackElo "2406"]
[PlyCount "84"]
[EventDate "2014.??.??"]

1. e4 c5 2. Nf3 e6 3. d3 Nc6 4. g3 g6 5. e5 Bg7 6. Qe2 Nge7 7. Bg2 Qc7 8. Bf4
Nd5 9. Nc3 Nxf4 10. gxf4 d6 11. O-O-O dxe5 12. fxe5 Nxe5 13. Nb5 Qb8 14. Nxe5
Bxe5 15. d4 cxd4 16. Nxd4 O-O 17. h4 Rd8 18. Nb5 Bd7 19. h5 Bf4+ 20. Kb1 Qe5
21. Qxe5 Bxe5 22. Nd6 Bxd6 23. Rxd6 Bc6 24. Rxd8+ Rxd8 25. Bxc6 bxc6 26. hxg6
fxg6 27. Kc1 h5 28. b4 Kg7 29. c3 Kf6 30. Kc2 e5 31. a4 a6 32. c4 e4 33. c5 Rd3
34. Rb1 Rf3 35. b5 axb5 36. axb5 cxb5 37. Rxb5 Ke5 38. c6+ Kd6 39. Rg5 Rxf2+
40. Kc3 Rf6 41. Kd4 Kxc6 42. Kxe4 Kd6 0-1

[Event "1er Open International d'Aix-les-Bains"]
[Site "Aix-les-Bains (73)"]
[Date "2014.08.10"]
[Round "7.4"]
[White "Pahud, Cedric"]
[Black "Pepino, Enrico"]
[Result "1/2-1/2"]
[WhiteElo "2132"]
[BlackElo "2193"]
[PlyCount "60"]
[EventDate "2014.??.??"]

1. d4 Nf6 2. Nf3 g6 3. Nbd2 Bg7 4. e3 O-O 5. b4 a5 6. b5 d6 7. Bb2 Nbd7 8. Be2
e5 9. dxe5 Ng4 10. Nd4 Ndxe5 11. O-O Qe7 12. h3 Nf6 13. Re1 Re8 14. c4 Ned7 15.
a4 Nc5 16. N4b3 Nfe4 17. Bxg7 Kxg7 18. Nxe4 Qxe4 19. Nxc5 dxc5 20. Rc1 Rb8 21.
Bf3 Qe7 22. Qb3 b6 23. Red1 Bf5 24. Rd2 Rbd8 25. Bd5 h5 26. Re1 Qg5 27. Qc3+
Qf6 28. Qc1 Qg5 29. Qc3+ Qf6 30. Qc1 Qg5 1/2-1/2

[Event "1er Open International d'Aix-les-Bains"]
[Site "Aix-les-Bains (73)"]
[Date "2014.08.10"]
[Round "7.5"]
[White "Lamb, Harry"]
[Black "Carpentier, Pierre"]
[Result "1/2-1/2"]
[WhiteElo "1987"]
[BlackElo "2242"]
[PlyCount "113"]
[EventDate "2014.??.??"]

1. Nf3 Nf6 2. g3 g6 3. Bg2 Bg7 4. O-O O-O 5. c4 d6 6. d4 Nbd7 7. Nc3 e5 8. b3
Re8 9. Qc2 a6 10. Rd1 Qe7 11. dxe5 dxe5 12. e4 c6 13. a4 a5 14. Ba3 Nc5 15. Ne1
Nfd7 16. Nd3 Bf8 17. Rd2 Qf6 18. Nxc5 Nxc5 19. Nd1 Ne6 20. Bxf8 Rxf8 21. Ne3
Nd4 22. Qc3 Rd8 23. Rad1 Be6 24. Rb2 h5 25. h4 Kg7 26. Rdd2 g5 27. hxg5 Qxg5
28. Nf1 Qf6 29. Nh2 Bg4 30. Qe3 Rd7 (30... c5 $17) 31. f3 Be6 32. f4 $1 {A la
recherche de contre-jeu.} Bg4 33. Nf3 Bxf3 34. Bxf3 h4 35. Bg4 Rdd8 36. fxe5
Qxe5 37. gxh4 Kh7 38. Rg2 Rg8 39. Rbf2 Rg7 40. Bf5+ Nxf5 (40... Kg8 41. Rxg7+
Kxg7 42. Qg5+ Kf8 43. Bg6 Qxg5+ 44. hxg5 Kg7 45. Bxf7 Rf8 46. g6 Rh8 {Et les
blancs ont trop de faiblesses pour pouvoir réaliser leur pion de plus.}) 41.
Rxf5 Qa1+ 42. Kh2 Rxg2+ 43. Kxg2 Rg8+ 44. Rg5 (44. Kh2 Rg4 45. Kh3 Rg7 46. Qf3
{Conservait le pion de plus.}) 44... Qb2+ 45. Kh3 Rxg5 46. hxg5 Kg6 47. Kg4
Qg2+ 48. Kh4 Qh2+ 49. Kg4 Qh5+ 50. Kg3 Qxg5+ 51. Qxg5+ Kxg5 52. Kf3 $11 c5 53.
Kg3 Kf6 54. Kf4 Ke6 55. e5 f5 56. exf6 Kxf6 57. Ke4 1/2-1/2

[Event "1er Open International d'Aix-les-Bains"]
[Site "Aix-les-Bains (73)"]
[Date "2014.08.10"]
[Round "7.6"]
[White "Bandet, Raphael"]
[Black "Deleva, Mathias"]
[Result "1-0"]
[WhiteElo "1915"]
[BlackElo "2099"]
[PlyCount "141"]
[EventDate "2014.??.??"]

1. e4 e6 2. d4 d5 3. Nd2 c5 4. exd5 Qxd5 5. Ngf3 cxd4 6. Bc4 Qd6 7. O-O Nc6 8.
Nb3 Nf6 9. Nbxd4 Nxd4 10. Nxd4 a6 11. c3 Be7 12. Qf3 Qc7 13. Bd3 O-O 14. Re1
Rb8 15. Bg5 b5 16. Qh3 g6 17. Qh4 Nd5 18. Nf3 h5 19. Be4 Bxg5 20. Qxg5 Qd8 21.
Bxd5 exd5 22. Re7 b4 23. Rae1 Qd6 24. Qh6 Qf6 25. Ng5 Qg7 26. Nxf7 Rxf7 27.
Re8+ Rf8 28. Rxf8+ Kxf8 29. Re8+ Kxe8 30. Qxg7 Rb6 31. cxb4 Rd6 32. Qc7 Rd8 33.
a4 d4 34. Qc2 d3 35. Qd2 Kf7 36. h3 Bf5 37. b5 axb5 38. axb5 Rc8 39. g4 Rc2 40.
Qd1 d2 41. Kh2 hxg4 42. hxg4 Be4 43. b3 g5 44. f3 Bd3 45. b6 Rb2 46. b7 Be2 47.
Qxe2 d1=Q 48. Qxb2 Qd6+ 49. Kg2 Qc7 50. b4 Qxb7 51. b5 Qb6 52. Qe5 Kg6 53. Qf5+
Kh6 54. Qd5 Qe3 55. Qa2 Qc5 56. Qe6+ Kg7 57. Qd7+ Kg8 58. Qf5 Qe3 59. Qg6+ Kh8
60. Qc2 Qd4 61. Qf2 Qd5 62. b6 Qb5 63. Qd4+ Kg8 64. Qd8+ Kf7 65. Qc7+ Ke8 66.
Kf2 Qb2+ 67. Ke3 Qb3+ 68. Ke4 Qb1+ 69. Ke5 Qb2+ 70. Kf5 Qb1+ 71. Kf6 1-0

[Event "1er Open International d'Aix-les-Bains"]
[Site "Aix-les-Bains (73)"]
[Date "2014.08.10"]
[Round "7.7"]
[White "Fontaine, Olivier"]
[Black "Py, Walter"]
[Result "1/2-1/2"]
[WhiteElo "1883"]
[BlackElo "2063"]
[PlyCount "60"]
[EventDate "2014.??.??"]

1. d4 Nf6 2. c4 c6 3. Nf3 d5 4. Nc3 g6 5. e3 Bg7 6. Bd3 O-O 7. O-O Bg4 8. h3
Bxf3 9. Qxf3 dxc4 10. Bxc4 Nbd7 11. Rd1 e5 12. d5 Qc7 13. dxc6 bxc6 14. Bd2
Rfc8 15. Bb3 Rab8 16. Rac1 Nc5 17. Na4 Nxb3 18. axb3 e4 19. Qe2 Rxb3 20. Qc4
Rd3 21. Nc5 Rd6 22. Bc3 Qd8 23. Rxd6 Qxd6 24. Nb7 Qd7 25. Na5 Re8 26. Bd4 Nd5
27. Bxg7 Kxg7 28. Nxc6 Nb6 29. Qd4+ Qxd4 30. Nxd4 Re7 1/2-1/2

[Event "1er Open International d'Aix-les-Bains"]
[Site "Aix-les-Bains (73)"]
[Date "2014.08.10"]
[Round "7.8"]
[White "Dupeux, Simeon"]
[Black "Chaudagne, Christophe"]
[Result "1/2-1/2"]
[WhiteElo "1624"]
[BlackElo "2143"]
[PlyCount "102"]
[EventDate "2014.??.??"]

1. e4 e6 2. d4 d5 3. Nc3 Nf6 4. e5 Nfd7 5. f4 c5 6. Nf3 Nc6 7. Be3 cxd4 8. Nxd4
Bc5 9. Qd2 a6 10. h4 (10. O-O-O O-O 11. Nb3 Bxe3 12. Qxe3 b5 13. Bd3 b4 14. Ne4
a5 15. Nbc5 Nxc5 16. Qxc5 Ne7 17. Ng5 h6 18. Nf3 Ba6 19. Kb1 Qd7 20. g4 a4 21.
Bxa6 Rxa6 22. Qxb4 Nc6 23. Qb5 Qa7 24. Qd3 Rb8 25. Nd4 Na5 26. Ka1 Nc4 27. Rb1
Rab6 28. Qc3 Rxb2 29. Rxb2 Rxb2 30. f5 a3 31. h4 Qb8 32. Re1 Nd2 33. Nb3 Ne4
34. Qd3 Qxe5 35. Nd4 Rxc2 {0-1 (35) Fier,A (2566)-Morozevich,A (2694)
Khanty-Mansiysk 2011}) 10... O-O 11. g4 Bxd4 $146 (11... Qc7 12. g5 Nxd4 13.
Bxd4 b5 14. Bh3 Bb7 15. Rg1 Rac8 16. Ne2 Qb6 17. h5 g6 18. Bg4 Bxd4 19. Nxd4
Rc4 20. c3 b4 21. hxg6 bxc3 22. gxh7+ Kh8 23. bxc3 Rfc8 24. Rg3 Nc5 25. Bf3 Na4
26. g6 fxg6 27. Rxg6 Nxc3 28. Qg2 Qxd4 29. Rg8+ {1-0 (29) Antunes,P-Buttner,N
Balneario Camboriu 2005}) 12. Bxd4 b5 13. g5 Bb7 14. h5 Nxd4 15. Qxd4 Qb6 16.
O-O-O Rac8 17. Qxb6 Nxb6 18. Rd4 Rc5 19. Ne2 Rfc8 20. c3 a5 21. a3 Nc4 22. Rh3
b4 23. axb4 axb4 24. cxb4 Rb5 25. Nc3 Rxb4 26. Bxc4 Rcxc4 27. Rxc4 Rxc4 28. Kd2
Rxf4 29. Nb5 Rf2+ 30. Kc3 Ba6 31. Nd6 Bf1 32. Rh1 Rf4 33. b4 d4+ 34. Kd2 f6 35.
gxf6 gxf6 36. exf6 Rxf6 37. b5 e5 38. Ne4 Rf8 39. Rg1+ Kh8 40. b6 Ba6 41. Nd6 (
41. Rg5 $1 {Développait une forte initiative, mais les noirs doivent tenir la
position sur la meilleure défense, par exemple :} Rb8 42. Nd6 h6 43. Rg6 Rf8
44. Rxh6+ Kg8 45. Rg6+ Kh8 46. Ne4 Bb7 47. Nc5 Bd5 48. Rh6+ Kg8 49. Rd6 Bh1 50.
Rg6+ Kf7 51. Rg1 Ba8 52. Rf1+ Ke7 53. Rxf8 Kxf8 54. Nd7+ Kg7 55. Kd3 Kh6 56.
Nxe5 Kxh5 57. Kxd4 Kg5 58. Kc5 Kf6 59. Kd6 Kf5) 41... Rf2+ 42. Ke1 Rf6 $11 43.
b7 Bxb7 44. Nxb7 Rb6 45. Nc5 Rb1+ 46. Kf2 Rxg1 47. Kxg1 Kg7 48. Nd7 Kh6 49.
Nxe5 Kxh5 50. Nf3 d3 51. Kf2 h6 1/2-1/2

[Event "1er Open International d'Aix-les-Bains"]
[Site "Aix-les-Bains (73)"]
[Date "2014.08.10"]
[Round "7.9"]
[White "Soyer, Jean-Yves"]
[Black "Drillat, Michel"]
[Result "1-0"]
[WhiteElo "2044"]
[BlackElo "1884"]
[PlyCount "25"]
[EventDate "2014.??.??"]

1. Nf3 Nf6 2. c4 c5 3. Nc3 Nc6 4. d4 cxd4 5. Nxd4 g6 6. e4 d6 7. Be2 Bg7 8. Be3
O-O 9. O-O {[#] La manoeuvre, qui consiste à sacrifier sur g4 pour
récupérer en d4, est connue, mais ... pas dans cette position ! Ah, les
dernières rondes du matin ...} Ng4 $4 10. Bxg4 Bxg4 (10... Nxd4 11. Bxc8) 11.
Nxc6 $1 Bxd1 12. Nxd8 Bxc3 13. Rfxd1 (13. Rfxd1 Bxb2 14. Rab1 Rfxd8 15. Rxb2 {
Et les blancs demeurent avec une pièce en plus.}) 1-0

[Event "1er Open International d'Aix-les-Bains"]
[Site "Aix-les-Bains (73)"]
[Date "2014.08.10"]
[Round "7.10"]
[White "Wurtz, Guillaume"]
[Black "Dupeux, Denis"]
[Result "1-0"]
[WhiteElo "1994"]
[BlackElo "1855"]
[PlyCount "79"]
[EventDate "2014.??.??"]

1. c4 Nf6 2. Nc3 e5 3. g3 d5 4. cxd5 Nxd5 5. Bg2 Nb6 6. Nf3 Nc6 7. O-O Be7 8.
d3 O-O 9. Bd2 Be6 10. Rc1 Qd7 11. a3 a5 12. Ne4 f6 13. Re1 Rfc8 14. Nc5 Bxc5
15. Rxc5 Qd6 16. Rc1 a4 17. Be3 Bb3 18. Qd2 Nd5 19. Bh3 Re8 20. Bc5 Qd8 21. e4
Nde7 22. Qc3 Nc8 23. d4 exd4 24. Nxd4 Nxd4 25. Bxd4 c6 26. e5 fxe5 27. Bxe5 Nb6
28. Bxg7 Qg5 29. Bd4 Qh6 30. Bg2 Nd7 31. Qf3 Nf8 32. Be3 Qg7 33. Rc5 Ne6 34.
Rh5 Bd5 35. Qf5 Bxg2 36. Kxg2 Rad8 37. Bh6 Qg6 {[#]} 38. Rxe6 $1 Rxe6 39. Rg5
Qxg5 40. Qxg5+ 1-0